000 00711nam a2200205Ia 4500
008 191130s2009##################000#0#eng##
020 _a9780521101196
040 _aACL
_cACL
082 _a338.943 ABE
100 _aAbelshauser, Werner
245 _aGerman industry and global enterprise : BASF, the history of a company
_cWerner Abelshauser ... [et al.]
260 _aCambridge
_bCambridge University Press
_c2009
300 _aix, 677p. : ill, 22cm
500 _aIncludes bibliographical references and index
650 _aBASF Aktiengesellschaft -- History
650 _aChemical industry -- Germany -- History
990 _add02e321ac10000c70f763137c8f4de8
991 _a241469
999 _c193791
_d193791